00327pam a2200121 a 4500020000500000041000500005082001000010100005500020245004400075250000900119260006200128300001500190 c h a6.686 aGREENBERG (Adebdroblas) / GREENBERG (Seth)eauthor aFundamental PhotoshophTextual Document a3rd  bTata McGraw-Hil Publication Company Limited . Delhic1997 axxxvi, 856